000 00505nam a2200157 i 4500
001 79485
003 ES-MaACL
005 20230906174003.0
007 t|
008 041021s1927 sp ||||1| spa d
100 1 _aHeras, José de las.
_962638
245 1 3 _aLa juventud delincuente en España y su tratamiento reformador /
_cJosé de las Heras.
260 _aAlcalá de Henares :
_b[s.n.],
_c1927 (
_fImp. de la Escuela Industrial de Jóvenes)
300 _a150 p. ;
_c21 cm.
852 _aES-MaACL
_jF-7659
999 _c79485
_d79485